[Event "Catalunya-ch U10/20"]
[Site "Salou"]
[Date "2020.09.06"]
[Round "2"]
[White "Moles Benali, Joan"]
[Black "Ano Pla, Gerard"]
[Result "0-1"]
[WhiteElo "1677"]
[BlackElo "1993"]
[PlyCount "100"]
[EventDate "2020.09.05"]
[EventType "swiss"]
[EventRounds "8"]
[EventCountry "ESP"]
[SourceTitle "EXT 2023"]
[Source "ChessBase"]
[SourceDate "2022.10.05"]
[SourceVersion "1"]
[SourceVersionDate "2022.10.05"]
[SourceQuality "1"]

1. d4 Nf6 2. Nf3 e6 3. g3 d5 4. c4 Bb4+ 5. Bd2 Be7 6. Bg2 0-0 7. b3 c6 8. 0-0 Nbd7 9. Nc3 b6 10. Rc1 Bb7 11. Bg5 Rc8 12. Qd2 c5 13. cxd5 Nxd5 14. Bxe7 Qxe7 15. Nxd5 exd5 16. e3 Rfd8 17. Rfd1 Nf6 18. Ne5 Ne4 19. Qb2 f6 20. Nd3 Rc7 21. h3 Rdc8 22. dxc5 bxc5 23. Nf4 Rd8 24. a3 Rcd7 25. b4 c4 26. Qd4 Qe5 27. Qxe5 fxe5 28. Ne6 Re8 29. Bxe4 Rxe6 30. Bf5 Rde7 31. Bxe6+ Rxe6 32. e4 d4 33. Rxc4 Bxe4 34. Rc8+ Kf7 35. Rc7+ Kf6 36. Rxa7 Bf3 37. Rc1 Rd6 38. Rc2 d3 39. Rd2 Rc6 40. g4 e4 41. b5 Rc1+ 42. Kh2 g5 43. Ra6+ Ke5 44. b6 Rh1+ 45. Kg3 Rg1+ 46. Kh2 Rg2+ 47. Kh1 Rxf2+ 48. Kg1 Rxd2 49. Ra5+ Kf4 50. b7 Rd1+ 0-1

[Event "L'Estartit Baix Ter U2200"]
[Site "L'Estartit"]
[Date "2018.09.02"]
[Round "6.9"]
[White "Moles Benali, Joan"]
[Black "Planella Zavala, Ivan"]
[Result "0-1"]
[WhiteElo "1716"]
[BlackElo "1480"]
[PlyCount "82"]
[EventDate "2018.09.01"]
[EventType "swiss"]
[EventRounds "6"]
[EventCountry "ESP"]
[SourceTitle "EXT 2024"]
[Source "ChessBase"]
[SourceDate "2023.10.10"]
[SourceVersion "1"]
[SourceVersionDate "2023.10.10"]
[SourceQuality "1"]

1. d4 d5 2. c4 e6 3. g3 Nf6 4. Bg2 Bb4+ 5. Bd2 Bxd2+ 6. Nxd2 0-0 7. Ngf3 b6 8. cxd5 exd5 9. Qc2 Bb7 10. Rc1 Nc6 11. 0-0 Rc8 12. Rfd1 Re8 13. e3 Ne7 14. b4 Ng6 15. Bh3 Nd7 16. Qf5 Re7 17. Rc2 c6 18. Rdc1 Rc7 19. Nb3 Nf6 20. a4 Bc8 21. Qd3 Bxh3 22. Rxc6 Ne4 23. a5 bxa5 24. Nxa5 Nd6 25. Qa6 Nb7 26. Nxb7 Rxb7 27. Ng5 Bf5 28. h3 Rbc7 29. Qa5 h6 30. Nf3 Be4 31. Nd2 Qc8 32. Rxc7 Qxh3 33. Nxe4 Nh4 34. gxh4 Rxe4 35. f4 Rxe3 36. R7c3 Qg3+ 37. Kf1 Qxf4+ 38. Kg1 Qg3+ 39. Kf1 Qf4+ 40. Kg2 Re2+ 41. Kh3 Rh2# 0-1

[Event "Llinars del Valles op-B 12th"]
[Site "Llinars del Valles"]
[Date "2018.04.28"]
[Round "3.23"]
[White "Fernandez Raya, Santi"]
[Black "Moles Benali, Joan"]
[Result "0-1"]
[WhiteElo "1236"]
[BlackElo "1470"]
[PlyCount "92"]
[EventDate "2018.04.14"]
[EventType "swiss"]
[EventRounds "8"]
[EventCountry "ESP"]
[SourceTitle "CBM 184 Extra"]
[Source "ChessBase"]
[SourceDate "2018.06.28"]
[SourceVersion "1"]
[SourceVersionDate "2018.06.28"]
[SourceQuality "1"]

1. e4 c5 2. Nc3 d6 3. f4 e6 4. Nf3 Be7 5. Bc4 a6 6. a4 Nf6 7. d3 d5 8. Bb3 dxe4 9. dxe4 Qxd1+ 10. Kxd1 0-0 11. Re1 Rd8+ 12. Bd2 Nc6 13. Re2 Nd4 14. Nxd4 cxd4 15. e5 dxc3 16. exf6 cxb2 17. Rb1 Bxf6 18. Ke1 b5 19. a5 Bb7 20. Re3 Rac8 21. g4 Bd4 22. Rd3 Be4 23. Rg3 Bxc2 24. Bxc2 Rxc2 25. h3 Bf2+ 26. Kxf2 Rdxd2+ 27. Ke1 Rg2 28. Rxg2 Rxg2 29. Kf1 Rh2 30. Kg1 Rc2 31. Kf1 Rc1+ 32. Rxc1 bxc1Q+ 33. Ke2 Qc2+ 34. Ke3 Qc3+ 35. Ke4 Qxa5 36. Ke5 Qc3+ 37. Ke4 b4 38. f5 exf5+ 39. Kf4 fxg4 40. hxg4 b3 41. g5 b2 42. g6 b1Q 43. gxf7+ Kf8 44. Kg5 Qf6+ 45. Kg4 Qg1+ 46. Kh3 Qh6# 0-1

[Event "Santa Eugenia op 12th"]
[Site "Santa Eugenia"]
[Date "2017.08.03"]
[Round "7"]
[White "Beltran Vidal, Daniel"]
[Black "Moles Benali, Joan"]
[Result "1-0"]
[WhiteElo "1663"]
[BlackElo "1310"]
[PlyCount "57"]
[EventDate "2017.07.31"]
[EventType "swiss"]
[EventRounds "9"]
[EventCountry "ESP"]
[SourceTitle "CBM 179 Extra"]
[Source "ChessBase"]
[SourceDate "2017.08.23"]
[SourceVersion "1"]
[SourceVersionDate "2017.08.23"]
[SourceQuality "1"]

1. Nf3 c5 2. e4 Nc6 3. c3 Nf6 4. Bd3 d5 5. exd5 Nxd5 6. 0-0 Bg4 7. h3 Bh5 8. Bb5 a6 9. Bxc6+ bxc6 10. d4 f6 11. Be3 cxd4 12. cxd4 Qc7 13. Nbd2 e5 14. g4 Bg6 15. Nh4 Bd6 16. Nc4 Be7 17. Rc1 Nxe3 18. Nxe3 Rd8 19. d5 c5 20. Qa4+ Kf8 21. Rfd1 Bd6 22. Nhf5 Bxf5 23. Nxf5 g6 24. Nxd6 Rxd6 25. Qc4 Ke7 26. b4 Rc8 27. bxc5 Kf7 28. a4 a5 29. Qb3 1-0

[Event "Santa Eugenia op 10th"]
[Site "Santa Eugenia"]
[Date "2015.??.??"]
[Round "1"]
[White "Moles Benali, Joan"]
[Black "Fernandez Alsina, David"]
[Result "0-1"]
[WhiteElo "1720"]
[BlackElo "1903"]
[PlyCount "78"]
[EventDate "2015.04.17"]
[EventType "swiss"]
[EventRounds "9"]
[EventCountry "ESP"]
[SourceTitle "EXT 2016"]
[Source "ChessBase"]
[SourceDate "2015.10.08"]
[SourceVersion "1"]
[SourceVersionDate "2015.10.08"]
[SourceQuality "1"]

1. e4 e5 2. Nf3 Nc6 3. Nc3 Nf6 4. Be2 Bc5 5. b3 d6 6. Na4 Nxe4 7. Nxc5 Nxc5 8. 0-0 0-0 9. Bb2 Bf5 10. d4 Nd7 11. dxe5 Ndxe5 12. Nd4 Nxd4 13. Qxd4 f6 14. f4 Nc6 15. Qd5+ Rf7 16. Qxf5 Re7 17. Bd3 g6 18. Bc4+ Rf7 19. Bxf7+ Kxf7 20. Qxf6+ Qxf6 21. Bxf6 Kxf6 22. Kf2 Nd4 23. c3 Ne6 24. Ke2 Re8 25. Kd3 Nc5+ 26. Kc2 Re2+ 27. Kd1 Rxg2 28. b4 Na4 29. h3 Nxc3+ 30. Kc1 d5 31. Rf3 Rg1+ 32. Kb2 Na4+ 33. Ka3 Rxa1 34. Kxa4 Rxa2+ 35. Kb3 Ra1 36. Rc3 c6 37. Kb2 Rf1 38. Ra3 a6 39. Re3 Rxf4 0-1